Hardware-Software Complex for a Study of High-Power Microwave Pulse Parameters; Russian Physics Journal; Vol. 59, iss. 2

Detalhes bibliográficos
Parent link:Russian Physics Journal.— , 1965-
Vol. 59, iss. 2.— 2016.— [P. 250-255]
Autor principal: Galchenko V. G. Valery Grigorievich
Autor Corporativo: Национальный исследовательский Томский политехнический университет Институт кибернетики Кафедра прикладной математики
Outros Autores: Gladkova T. A. Tatiana Aleksandrovna
Resumo:Title screen
An instrumental complex is developed for a study of high-power microwave pulse parameters. The complex includes a bench for calibrating detectors and a measuring instrument for evaluating the microwave pulse parameters. The calibration of the measurement channels of microwave pulses propagating through different elements of the experimental setup is an important problem of experimental research. The available software for calibration of the measuring channels has a significant disadvantage related with the necessity of input of a number of additional parameters directly into the program. The software realized in the Qt 4.5 C++ medium is presented, which significantly simplifies the process of calibration data input in the dialog mode of setting the parameters of the medium of microwave pulse propagation.
Режим доступа: по договору с организацией-держателем ресурса
Idioma:inglês
Publicado em: 2016
Assuntos:
Acesso em linha:http://dx.doi.org/10.1007/s11182-016-0764-1
Formato: Recurso Electrónico Capítulo de Livro
KOHA link:https://koha.lib.tpu.ru/cgi-bin/koha/opac-detail.pl?biblionumber=649972

MARC

LEADER 00000naa0a2200000 4500
001 649972
005 20250310114923.0
035 |a (RuTPU)RU\TPU\network\15142 
090 |a 649972 
100 |a 20160902d2016 k||y0rusy50 ba 
101 0 |a eng 
135 |a drcn ---uucaa 
181 0 |a i  
182 0 |a b 
200 1 |a Hardware-Software Complex for a Study of High-Power Microwave Pulse Parameters  |f V. G. Galchenko, T. A. Gladkova 
203 |a Text  |c electronic 
300 |a Title screen 
320 |a [References: p. 255 (3 tit.)] 
330 |a An instrumental complex is developed for a study of high-power microwave pulse parameters. The complex includes a bench for calibrating detectors and a measuring instrument for evaluating the microwave pulse parameters. The calibration of the measurement channels of microwave pulses propagating through different elements of the experimental setup is an important problem of experimental research. The available software for calibration of the measuring channels has a significant disadvantage related with the necessity of input of a number of additional parameters directly into the program. The software realized in the Qt 4.5 C++ medium is presented, which significantly simplifies the process of calibration data input in the dialog mode of setting the parameters of the medium of microwave pulse propagation. 
333 |a Режим доступа: по договору с организацией-держателем ресурса 
461 |t Russian Physics Journal  |d 1965- 
463 |t Vol. 59, iss. 2  |v [P. 250-255]  |d 2016 
610 1 |a электронный ресурс 
610 1 |a труды учёных ТПУ 
610 1 |a калибровка 
610 1 |a измерительные каналы 
610 1 |a СВЧ-импульсы 
700 1 |a Galchenko  |b V. G.  |c specialist in the field of informatics and computer technology  |c Associate Professor of Tomsk Polytechnic University, candidate of technical sciences  |f 1944-  |g Valery Grigorievich  |3 (RuTPU)RU\TPU\pers\37153  |9 20145 
701 1 |a Gladkova  |b T. A.  |c specialist in the field of informatics and computer technology  |c programmer of Tomsk Polytechnic University  |f 1957-  |g Tatiana Aleksandrovna  |3 (RuTPU)RU\TPU\pers\37154  |9 20146 
712 0 2 |a Национальный исследовательский Томский политехнический университет  |b Институт кибернетики  |b Кафедра прикладной математики  |3 (RuTPU)RU\TPU\col\18700  |9 27153 
801 2 |a RU  |b 63413507  |c 20160902  |g RCR 
856 4 0 |u http://dx.doi.org/10.1007/s11182-016-0764-1 
942 |c CF